000 01918nam a2200241Ia 4500
008 260220t1973||||xx |||||||||||||| ||spa||
040 _aPY-SlUNAC
_bspa
_erda
041 _aspa
082 _a515.35
_bB789t
100 _aBronson, Richard
_eAutor
245 0 _aTeoría y problemas de ecuaciones diferenciales modernas con transformaciones de Laplace /
_cpor Richard Bronson [Autor]
264 _aCiudad de México :
_bSchaum Publishing,
_c℗1973.
300 _a1 volumen
520 _a"Teoría y problemas de ecuaciones diferenciales modernas con transformaciones de Laplace" de Richard Bronson es un texto fundamental que aborda de manera clara y sistemática las ecuaciones diferenciales, centrándose en la técnica de transformadas de Laplace como herramienta esencial para la resolución de estos problemas. El libro está estructurado en capítulos que presentan tanto la teoría subyacente como numerosos ejemplos prácticos que facilitan la comprensión de conceptos complejos. Bronson también incluye una variedad de problemas resueltos y ejercicios propuestos, que permiten al lector aplicar lo aprendido y profundizar en su conocimiento. La obra destaca por su enfoque didáctico, convirtiéndola en un recurso valioso para estudiantes de ingeniería y matemáticas. A través de una presentación accesible y lógica, el autor logra sintetizar el contenido teórico con aplicaciones prácticas, lo que permite al lector desarrollar habilidades para enfrentar una amplia gama de problemas en el campo de las ecuaciones diferenciales. Este texto es, sin duda, una referencia importante en la enseñanza de esta disciplina.
653 _aEcuaciones diferenciales
653 _aMatemáticas
653 _aTransformadas de Laplace
942 _b2026/02/17
_cBK
999 _c7580
_d7580